International Journal of Economic Policy in Emerging Economies

Uložené v:
Podrobná bibliografia
Médium: Seriál
Jazyk:English
Vydavateľské údaje: Genève Inderscience Publishers
Tagy: Pridať tag
Žiadne tagy, Buďte prvý, kto otaguje tento záznam!

MARC

LEADER 00000nas1a2200000 4500
001 0290268
005 20250701092131.8
022 |a 1752-0460 
022 |a 1752-0452 
041 0 |a eng 
044 |a CH 
245 1 0 |a International Journal of Economic Policy in Emerging Economies 
264 1 |a Genève  |b Inderscience Publishers